Let My Children Go Ye Leviathans (Governments)/ (Record no. 206336)

MARC details
000 -LEADER
fixed length control field 00564nam a22001817a 4500
005 - DATE AND TIME OF LATEST TRANSACTION
control field 20241011161512.0
010 ## - LCCN (DPL NO)
LC control number ENG-142162
020 ## - INTERNATIONAL STANDARD BOOK NUMBER
Terms of availability 1240.00
International Standard Book Number 9789390746668
035 ## - SYSTEM CONTROL NUMBER
System control number EN-125694
037 ## - SOURCE OF ACQUISITION
Source of stock number/acquisition DBAD/PUB
082 ## - DEWEY DECIMAL CLASSIFICATION NUMBER
Classification number 363.59
100 ## - MAIN ENTRY--PERSONAL NAME
Personal name Armah, Kwei
245 ## - TITLE STATEMENT
Title Let My Children Go Ye Leviathans (Governments)/
Statement of responsibility, etc Kwei Armah
260 ## - PUBLICATION, DISTRIBUTION, ETC. (IMPRINT)
Place of publication, distribution, etc Belgharia
Name of publisher, distributor, etc Exceller Books
Date of publication, distribution, etc 2021
270 ## - ADDRESS
Address G1, Dream Apartment, Degree College Road, Belgharia
City Belgharia
Postal code 700056
300 ## - PHYSICAL DESCRIPTION
Extent 445 p.
Dimensions 23cm(pb)
942 ## - ADDED ENTRY ELEMENTS (KOHA)
Source of classification or shelving scheme Dewey Decimal Classification
Item type English Books
Classification part 363.59
Call number suffix ARM
Holdings
Withdrawn status Lost status Not for loan Collection code Home library Current library Date acquired Source of acquisition Cost, normal purchase price Full call number Barcode Copy number Cost, replacement price Koha item type
      Non-fiction Bawana Bawana 11/10/2024 DBAD 1240.00 363.59 ARM EN-125694 1 1240.00 English Books

© Delhi Public Library
Hit Counter
free hit counter